Scientia Iuventa 2007 proceedings of reviewed papers from international scientific conference of PhD. students

Enregistré dans:
Détails bibliographiques
Collectivité auteur: Scientia Iuventa 2007. International scientific conference
Autres auteurs: Elexa, Ľuboš, Makanová, Monika
Format: Livre
Langue:slovaque
anglais
Publié: Banská Bystrica Ekonomická fakulta UMB v Banskej Bystrici 2007
Sujets:
Tags: Ajouter un tag
Pas de tags, Soyez le premier à ajouter un tag!

MARC

LEADER 00000nlm$a2200000$$$4500
001 0073073
005 20240109070412.5
020 |a 978-80-8083-398-5 
041 0 |a slo 
041 0 |a eng 
044 |a SK 
245 1 0 |a Scientia Iuventa 2007  |b proceedings of reviewed papers from international scientific conference of PhD. students  |c zostavovateľ: Ľuboš Elexa, Monika Makanová 
264 1 |a Banská Bystrica  |b Ekonomická fakulta UMB v Banskej Bystrici  |c 2007 
300 |a CD-ROM 
610 2 0 |a ruch cestovný 
610 2 0 |a rozvoj regionálny 
610 2 0 |a podnik 
610 2 0 |a riadenie podnikové 
610 2 0 |a organizácie neziskové 
610 2 0 |a organizácie príspevkové 
610 2 0 |a služby 
700 1 |a Elexa, Ľuboš 
700 1 |a Makanová, Monika 
110 2 |a Scientia Iuventa 2007. International scientific conference